Vybrané aspekty administrácie a ladenia databázy Oracle 10g diplomová práca

Salvato in:
Dettagli Bibliografici
Autore principale: Facuna, Vladimír
Ente Autore: Fakulta hospodárskej informatiky EU. Katedra aplikovanej informatiky
Altri autori: Škurla, Peter
Natura: Libro
Lingua:slovacco
Pubblicazione: Bratislava 2011
Tags: Aggiungi Tag
Nessun Tag, puoi essere il primo ad aggiungerne!!

MARC

LEADER 00000nbm a2200000 4500
001 0140917
005 20161109101959.6
041 0 |a slo 
044 |a SK 
245 1 0 |a Vybrané aspekty administrácie a ladenia databázy Oracle 10g  |b diplomová práca  |c Vladimír Facuna ; školiteľ: Peter Škurla 
264 1 |a Bratislava  |c 2011 
300 |a 90 s. 
100 1 |a Facuna, Vladimír 
700 1 |a Škurla, Peter 
710 2 |a Fakulta hospodárskej informatiky EU. Katedra aplikovanej informatiky